| 000 | 00594cam a22002411 4500 | ||
|---|---|---|---|
| 001 | sa 67004732 | ||
| 003 | DLC | ||
| 005 | 20260227112350.0 | ||
| 008 | 890608s1966 ii 000 0 urdr | ||
| 010 | _asa 67004732 | ||
| 035 | _a(OCoLC)19836582 | ||
| 040 |
_aDLC _cWaU _dDLC |
||
| 042 | _apremarc | ||
| 043 | _aa-ii--- | ||
| 050 | 0 | 0 |
_aDS480.45 _b.A95 1966 |
| 100 | 1 |
_aĀzād, Abūlkalām, _d1888-1958. |
|
| 245 | 1 | 0 | _aMusalmān aur Kāngras. |
| 260 | _c[1966] | ||
| 300 |
_a96 p. _c19 cm. |
||
| 500 | _aIn Urdu. | ||
| 650 | 0 |
_aMuslims _zIndia. |
|
| 610 | 2 | 0 | _aIndian National Congress. |
| 999 |
_c74724 _d74724 |
||